Países trocados de posições #1 - Estadísticas

Estadísticas generales
  • Esta prueba ha sido intentada 38 veces
  • La puntuación promedio es 7 de 10
Respuestas en el mapa
Las respuestas están codificadas por una escala verde-roja en el mapa de la prueba según el % correcto abajo.
 
Estadísticas de respuestas
Country Swap % Correcto
Japão Nova Zelândia
75%
Portugal Tunísia
75%
Uruguai Camboja
72%
Cuba Islândia
69%
Islândia Cuba
64%
Nova Zelândia Japão
64%
Coreia do Sul Irlanda
61%
Irlanda Coreia do Sul
61%
Tunísia Portugal
58%
Camboja Uruguai
53%
No se encontraron pruebas coincidentes
Distribución de puntuación
Porcentaje de gente con cada puntuación
Porcentaje por número respondido
Historial de tus puntuaciones
No has intentado esta prueba.